Daň z príjmov právnických osôb a právna úprava jej platenia bakalárska práca

Na minha lista:
Detalhes bibliográficos
Autor principal: Horváthová, Dominika
Autor Corporativo: Fakulta hospodárskej informatiky EU. Katedra účtovníctva a audítorstva
Outros Autores: Marci, Anton, 1989-
Formato: Livro
Idioma:eslovaco
Publicado em: Bratislava 2020
Tags: Adicionar Tag
Sem tags, seja o primeiro a adicionar uma tag!

MARC

LEADER 00000nbm a2200000 4500
001 0264713
005 20210427212948.0
041 0 |a slo 
044 |a SK 
245 1 0 |a Daň z príjmov právnických osôb a právna úprava jej platenia  |b bakalárska práca  |c Dominika Horváthová ; školiteľ: Anton Marci 
264 1 |a Bratislava  |c 2020 
300 |a 51 s. 
100 1 |a Horváthová, Dominika 
700 1 |a Marci, Anton, 1989- 
710 2 |a Fakulta hospodárskej informatiky EU. Katedra účtovníctva a audítorstva